000 00706nam a2200289Ia 4500
005 20260324111848.0
008 008 260324s9999 xx 000 0 eng d
020 _a9780429451164
037 _aEBOOK
040 _aCRL
040 _beng
040 _cCRL
041 _2eng
041 _aeng
084 _qCRL
100 _aAdam Knobler
_91140319
245 0 _aCrusading in the Long Nineteenth Century, 1798–1928
245 0 _bEngaging the Crusades, Volume Ten
260 _bTaylor and Francis
260 _c2025
365 _a
365 _b80.99
856 _uhttp://www.taylorfrancis.com/books/9780429451164
942 _cEBOOK
999 _c1729279
_d1729279